000 00755nam a22002177a 4500
005 20251108175359.0
008 250721s2009 xx 000 0 ara d
082 1 4 _a214.5/محم
100 1 _aمحمد الحفيان، محمد سعيد
_eمقدم
245 1 0 _aالقيامة في ضوء العلم الحديث :هل جهنم ثقب أسود؟ /
264 1 _aالخرطوم :
_bشركة مطابع السودان للعملة،
_c2009.
300 _a442 ص.
650 1 7 _aاليوم الآخر
650 1 7 _aالعقيدة الدينية
650 1 7 _aجهنم
650 1 7 _aالإسلام
700 1 _aمحمود، الطيب
_eمقدم
700 1 _aمحمد (الحفيان)، محمد سعيد
942 _2ddc
_cBK
999 _c132783
_d132783